000 00741nam a2200229 i 4500
001 117844
003 ES-MaACL
005 20251015063120.0
007 t|
008 070214q1909 sp r ||||1| spa d
080 _a821.131.1-32"19"
100 1 _aPapini, Giovanni,
_d1881-1956
_988874
245 1 0 _aLo trágico cotidiano y el piloto ciego.
260 _aMadrid :
_b[s. n.],
_c[1909?] (
_fImp. de V. Tordesillas)
300 _a179 p. ;
_c23 cm.
490 1 _aBiblioteca de jurisprudencia, filosofía e historia
700 1 _aSánchez Rojas, José.
_9102895
830 0 0 _aBiblioteca de jurisprudencia, filosofía e historia
_9180691
852 _aES-MaACL
_jF-4397
852 _aES-MaACL
_jF-14853
999 _c117844
_d117844